000 00745nam a22002297a 4500
005 20251108174613.0
008 250721s2007 xx 000 0 ara d
082 1 4 _a956.206/عاب
100 1 _aالعابدين، محمد سرور زين
_eمؤلف
245 1 0 _aاغتيال الحريري و تداعياته على أهل السنة /
250 _aط.2.
264 1 _alondon :
_bdar al jabia،
_c2007.
300 _a143 ص.
490 0 _aصفحات من تاريخنا المعاصر
_v1
600 0 7 _aرفيق الحريري
650 1 7 _aالاغتيال
650 1 7 _aتاريخ لبنان
653 _aاغتيال الحريري
653 _aرااسه اميل لحود 1998 -
942 _2ddc
_cBK
999 _c113355
_d113355